| 000 | 00354nam a2200133 a 4500 | ||
|---|---|---|---|
| 005 | 20140414131905.0 | ||
| 008 | 100901s19uu xx 00 eng d | ||
| 050 |
_aFIC _bSt5 2003 |
||
| 100 | _aStilton, Geronimo | ||
| 245 | _aShipwreck on the pirate islands. | ||
| 260 |
_aNew York : _bScholastic, _c2003. |
||
| 440 | _aGeronimo Stilton | ||
| 999 |
_c110873 _d110873 |
||